000 00393nam a2200169Ia 4500
003 0100
008 130303s9999 xx 000 0 und d
040 _cARRUPELIB
050 _aBR180.J6
100 _aJones, Arnold Hugh Martin
245 _aConstantine and the conversion of Europe
260 _aLondon
260 _bHodder Stoughton
260 _C1948
300 _a271p
942 0 0 _01
999 _c57325
_d57325